00331 a2200109 4500001000700000020000600007040001100013100003300024240008000057245007500137362000900212177724 a  cMagnum aSanta Rosa, Nereide Schilaro10aCidades e florestas/ os artistas viajantes entre os seculos xvii e xixlpor10aCidades e florestas/ os artistas viajantes entre os seculos xvii e xix0 a1899